| 000 | 00470cam a2200181ua 4500 | ||
|---|---|---|---|
| 020 |
_a81 204 0986 8 _c295.00 |
||
| 041 |
_aeng _h |
||
| 082 |
_a621.165 _bRAJ/ST |
||
| 100 | _aRajmohan, GUpta . | ||
| 245 |
_aSteam turbine / _cRaj mohan gupta. _hTextual Documents |
||
| 250 |
_a1 / _b. |
||
| 260 |
_aNew Delhi : _bOxford & IBH Publishing company , _c1995. |
||
| 300 | _a272 ; . | ||
| 365 | _a295.00 | ||
| 504 | _a | ||
| 942 | _cBK | ||
| 999 |
_c11028 _d11028 |
||